Ilevia - Ligne 15 - Statistiques

Statistiques générales
  • Ce quiz a été pris 6 fois
  • Le résultat moyen est 16 sur 21
Statistiques - réponses
Ville Réponse % Correct
Ronchin Mairie
100%
Lille Porte de Douai
100%
Lesquin 11 Novembre
80%
Ronchin 18 Juin
80%
Lesquin Basquin
80%
Ronchin Carnot
80%
Lesquin Cimetière
80%
Ronchin Destoop
80%
Ronchin Ferrer
80%
Lille Gaston Berger
80%
Lille P.I. de Douai
80%
Lesquin Pierre Curie
80%
Ronchin République
80%
Ronchin 14 Juillet
60%
Ronchin De Gaulle
60%
Ronchin Gambetta
60%
Ronchin Jean Jaurès
60%
Ronchin Marronniers
60%
Lesquin Petite Chapelle
60%
Ronchin Saint-Venant
60%
Lesquin Verdun
60%
Aucun quiz correspondant
Distribution des résultats
% des personnes avec chaque résultat
Percentile par nombre de réponses
Votre historique - résultats
Vous n’avez pas pris ce quiz